00349nam a2200145Ia 4500008004100000084001000041100002100051245003300072250002000105260000900125260000900134260001100143300001400154500003500168180424s9999 xx 000 0 und d aT4 P2 a"Pandurangan, A" 0aKappiya Nokil Kambaramayanam a\\198900TAMGPCX aNCBH b1989 cMadras axvii+296p aincludes index and biblioraphy